| 000 | 02413nam a2200325 a 4500 | ||
|---|---|---|---|
| 001 | 000023777 | ||
| 005 | 20251120073732.0 | ||
| 008 | 110113s1995 dr 000 0 spa d | ||
| 020 | _z8489548056 | ||
| 040 |
_aDO-SdBNP _bspa _cBNPHU |
||
| 082 |
_a304.28 _bF727a |
||
| 111 | 2 |
_aForo Ambiental Paradigmas sobre Medio Ambiente. _d(1994 : _cSanto Doming) _948940 |
|
| 245 | 1 | 0 |
_aAcción ambiental en la República Dominicana : _bdiscusiones sobre su conceptualización / _ceditor Víctor Eddy Ruiz B. |
| 260 |
_aSantiago de los Caballeros, República Dominicana : _bPUCMM, _c1995. |
||
| 300 |
_a169 p. ; _c23 cm. |
||
| 490 | 1 |
_aDocumentos _v175 |
|
| 500 | _aIncluye referencias bibliográficas y notas al pie de las páginas. | ||
| 500 | _aIncluye bibliografía al final de los capítulos. | ||
| 505 | 0 |
_gIntroducción -- _tI.- Marco conceptual de la problemática ambiental: _tEl rol de la ecología en la conformación de un nuevo estilo de pensamiento / _rRafael Emilio Yunén -- _tConceptos y enfoques del fenómeno ambiental / _rCésar Pérez -- _tEn torno a la discusión sobre la problemática ambiental / _rYeny Cornelio y Gavino Severino -- _tEl espacio rural: hacia un marco conceptual / _rPedro Juan del Rosario -- _tII.- Marco metodológico general de los proyectos sobre medio ambiente: _tConsideraciones teórico-metodológicas para un acercamiento a la problemática del medio ambiente urbano / _rLilian Bobea -- _tMétodos participativos en la promoción del desarrollo rural aplicados a la conservación y uso de los recursos naturales / _rC.E. López -- _tIII:- Política ambiental: _tLa gestión ambiental, un problema cultural / _rJorge Cela, S.J. -- _tGestores de cambios en el ambiente rural / _rCarlos Brito -- _gConclusiones -- _gLista de participantes. |
|
| 590 | _aInventariado, 2018/BT | ||
| 650 | 4 |
_aProtección del medio ambiente _vCONGRESOS, CONFERENCIAS, ETC. _932011 |
|
| 650 | 4 |
_aEcología aplicada _948941 |
|
| 650 | 4 |
_aPolítica ambiental _zRepública Dominicana _vCONGRESOS, CONFERENCIAS, ETC. _948942 |
|
| 650 | 4 |
_aGestión ambiental _zRepública Dominicana _vCONGRESOS, CONFERENCIAS, ETC. _948943 |
|
| 650 | 4 |
_aHombres _xInfluencia sobre la naturaleza _vCONGRESOS, CONFERENCIAS, ETC. _948944 |
|
| 700 | 1 |
_aRuiz B., Víctor Eddy, _eed. _912774 |
|
| 710 | 2 |
_aPontificia Universidad Católica Madre y Maestra _9843 |
|
| 830 | 0 |
_aDocumentos _v175 _91047 |
|
| 910 | _aValidado. Control de calidad. EMS | ||
| 999 |
_c23273 _d23273 |
||